000 00672nam a2200205 i 4500
001 186609
003 SpMaBN
005 20230906222715.0
008 161207s1998 sp a |||| | spa d
020 _a84-241-3506-7
080 _a398.4(460.12)
100 1 _aMartínez, Elviro.
_977734
245 1 0 _aMitología asturiana /
_cElviro Martínez ; [ilustraciones, Juan Ángel Muñiz].
260 _aLeón ;
_aMadrid :
_bEverest,
_c[1998]
300 _a240 p. :
_bil. ;
_c19 cm.
504 _aBibliografía: p. 227-238.
650 7 _aSeres fabulosos.
_9160207
650 7 _aFolklore-
_zAsturias (Comunidad Autónoma)
_9147667
852 _aES-MaACL
_jL-30994
_z- enc. cart.
999 _c186609
_d186609